000 00899nam a2200253Ia 4500
003 OSt
005 20221005112311.0
006 a|||||r|||| 00| 0
007 ta
008 221004b |||||||| |||| 00| 0 pan d
020 _a9788178564050 (hbk)
_c400
024 _a15251
037 _b875, 14/08/2014, H.K. Prakashan
_cTextual
040 _aCRL
_cCRL
_bpan
041 _2pan
_apan
082 _aO153:g, Q4
100 _aਸਿੰਘ, ਬ੍ਰਹਮਰਗਦੀF
245 0 _aਸਾਹਿਤ ਦੇ ਰੂਪ
_b ਸਿਧੱਾਂਤ ਅਤੇ ਵਿਕਾਸ
260 _aਅੰਮ੍ਰਿਤਸਰ
_bਵਾਰਿਸ Fਾਹ ਭਾਰਤ
_c2014
300 _a240ਪੰ
_ccm.
650 _aਪੰਜਾਬੀ ਸਾਹਿਤ
942 _hO153:g, Q4
_cTEXL
_2cc
999 _c1024475
_d1024475